000 01378nam a2200325 c 4500
999 _c122216
_d122216
003 BLK
005 20241206005451.0
008 180409b bul|||||r ||||||| ||bul||
010 _aKNG00127851000
040 _aBLK
041 _aBUL
_cBUL
080 _aБългарска литература
_b821.163.2
_x-1(081.2)
_z821.163.2-1(081.2)
100 _aБагряна, Елисавета
_d1893-1991
_qБелчева, Елисавета Любомирова
_9364149
139 _aБагряна, Елисавета
_bБ 13
245 1 0 _aИзбрани стихотворения
_cЕлисавета Багряна; * Елисавета Любомирова Белчева.
257 _aBGR
260 _bГеорги Бакалов
_c1982
_fСофия : Балкан
300 _a60 с.
_c19Х21 см
_eграмофонна плоча
380 _aX
490 1 _aСлово и звук
500 _aИстинското име на авт. е Елисавета Любомирова Белчева. - Офс. изд. - 3 100 тир.
700 _aБелчева, Елисавета Любомирова
_9269418
852 _aЦб 124040
856 4 _qpdf
856 4 _qpdf
942 _cKNG
_n0
_s1
944 _aCR
_c23.02.2012
_lCRON CRON
_k
944 _aED
_c08.07.2013
_l23.02.2012 - от С1,Р / 23.02.2012
999 _d122216